Methodological Procedures Applied to the Manufacturing Systems Design

Návrh výrobných procesov a systémov ako zložitý viacúrovňový systém ovplyvnený veľkým počtom faktorov. Model výrobného systému a metodické postupy navrhovania. Interpretácia modelu systému. Využitie nových metodických postupov a algoritmov činnosti.

Enregistré dans:
Détails bibliographiques
Auteur principal: Daneshjo, Naqibullah, 1964-
Format: Chapitre de livre
Langue:anglais
Sujets:
Tags: Ajouter un tag
Pas de tags, Soyez le premier à ajouter un tag!

MARC

LEADER 00000naa a2200000 4500
001 0272113
005 20240502083829.1
041 0 |a eng 
044 |a PL 
245 1 0 |a Methodological Procedures Applied to the Manufacturing Systems Design  |c Naqibullah Daneshjo 
520 |a Návrh výrobných procesov a systémov ako zložitý viacúrovňový systém ovplyvnený veľkým počtom faktorov. Model výrobného systému a metodické postupy navrhovania. Interpretácia modelu systému. Využitie nových metodických postupov a algoritmov činnosti. 
610 2 0 |a dizajn 
610 2 0 |a modelovanie 
610 2 0 |a systémy výrobné 
610 2 0 |a inovácia 
100 1 |a Daneshjo, Naqibullah, 1964-